| 000 | 00360nam a2200157Ia 4500 | ||
|---|---|---|---|
| 100 | _aShetty/Devdas/ kOLK/R.A | ||
| 650 | _aMechatronics | ||
| 942 | _cBK | ||
| 366 | _f15 | ||
| 654 | _amechatronics | ||
| 245 | _aMechatronics system design | ||
| 260 |
_bThomson Learning _aMumbai _c2007 |
||
| 082 |
_a621.381042/SHE _bSHE |
||
| 546 | _aENGLISH | ||
| 999 |
_c29240 _d29240 |
||